Statistiques concernant Quiz Voitures: Française

Cliquez ici pour prendre le quiz!

Statistiques générales

  • Ce quiz a été pris 314 fois
    (304 depuis la dernière actualisation)
  • Le résultat moyen est 16 sur 32

Statistiques - réponses

Réponse% Correct
Renault Megane RS
90%
Bugatti Chiron
80%
Renault Clio
78%
Peugeot 508
75%
Peugeot 407 Coupé
74%
Opel Corsa OPC
73%
Peugeot 2008
68%
Peugeot 206 CC
68%
Citroen DS
66%
Citroen C1
65%
Bugatti Veyron
62%
Peugeot 207
60%
Renault Twizzy
59%
Alpine A110
54%
Renault 4L
54%
Renault Talisman
53%
Citroen 2CV
50%
Bugatti Divo
48%
Citroen DS3
47%
Peugeot 106
47%
Citroen Mehari
44%
Citroen Traction
43%
Citroen C4 Cactus
40%
Citroen DS5
34%
Peugeot 404
34%
Peugeot 504
31%
Peugeot 403
29%
Alpine A310
22%
Renault Dauphine
19%
Renault 4CV
17%
Renault Caravelle
10%
TVR Tuscan
2%

Distribution des résultats

Percentile par nombre de réponses

% des personnes avec chaque résultat

Votre développement - résultats

Vous n’avez pas pris ce quiz depuis la dernière actualisation